MARC

LEADER 00000cam a2200000 7i4500
001 0000031016
005 20250729.0
008 240927 my a may
040 |a INS   |b eng   |c INS   |e rda 
041 0 |a may   |a eng 
090 0 0 |a VO518   |b 2023 
110 1 |a Kursus penilaian empangan ,   |d 2023 15 - 18 Mei   |c INSPEN, Bangi 
245 0 0 |a Kursus penilaian empangan :   |b 15 - 18 Mei 2023   |c Anjuran Pusat Pembangunan Profesional, INSPEN 
264 1 |a Bangi :   |b Institut Penilaian Negara   |c 2023 
300 |a 1 volume (various pagings) :   |b illustrations ;   |c 30 cm. 
336 |a text  |2 rdacontent 
337 |a unmediated   |b 2rdamedia 
338 |a volume  |2 rdacarrier 
504 |a Includes bibliographical references 
546 |a Teks Bahasa Melayu dan Inggeris 
650 0 |a Continuing professional development   |z Malaysia 
650 0 |a Cost control 
650 0 |a Dams   |x Design and construction 
650 0 |a Dams   |x Valuation   |z Malaysia 
650 0 |a Data collection   |x Methodology 
650 0 |a Infrastructure (Economics)   |x Valuation 
653 |a Construction technology 
653 |a Dam structures 
653 |a Data management 
653 |a Valuation methodology 
710 1 |a INSPEN (Institut Penilaian Negara) 
830 0 |a Program Latihan 2023 
999 |a VO00001144   |b BOOK   |c Course Notes   |e Default branch